Norwegian Sports - Statistics

General Stats
  • This quiz has been taken 15 times
  • The average score is 7 of 12
Answer Stats
Question Answer % Correct
Which Norwegian is known as one of the best chess players in the world? Magnus Carlsen
91%
Which footballer has had the biggest transfer value? Haaland
82%
Which athlete has the most Olympic gold medals? Klæbo
82%
Which club does Martin Ødegaard play for? Arsenal
73%
In which sport does Karsten Warholm compete? Hurdles
73%
Which Norwegian city hosted the Winter Olympics in 1994? Lillehammer
73%
Which Norwegian tennis player has recently become internationally known? Casper Ruud
64%
What golf player has recently found a lot of success? Viktor Hovland
55%
What is Norway’s most successful sport in the Winter Olympics? Cross country skiing
45%
What is the national sport of Norway? Cross country skiing
45%
Which Norwegian handball teams (men or women) have had the most international success? Women
36%
Which Norwegian female footballer has been one of the best in the world and played for Lyon and Barcelona? Ada Hegerberg
27%
No matching quizzes found
Score Distribution
Percent of People with Each Score
Percentile by Number Answered
Your Score History
You have not taken this quiz